Statistics for Countries with longest run of F1 drivers

Click here to take the quiz!

General Stats

  • This quiz has been taken 309 times
    (234 since last reset)
  • The average score is 8 of 15

Answer Stats

HintAnswer% Correct
1950United Kingdom
100%
1982Germany
86%
1989Finland
66%
1999Spain
64%
2002Australia
56%
2008France
55%
2011Mexico
49%
2015Netherlands
46%
2018Monaco
45%
2017Canada
41%
2019Italy
39%
2014Russia
37%
2019Thailand
37%
2014Denmark
35%
2019Poland
30%

Score Distribution

Percentile by Number Answered

Percent of People with Each Score

Your Score History

You have not taken this quiz since the last reset